| 000 | 01628nam a2200397 c 4500 | ||
|---|---|---|---|
| 999 |
_c169346 _d169346 |
||
| 003 | BLK | ||
| 005 | 20240920132050.0 | ||
| 008 | 180411b bul|||||r ||||||| ||bul|| | ||
| 010 | _aKNG00177350000 | ||
| 040 | _aBLK | ||
| 041 |
_aBUL _cBUL |
||
| 080 |
_aБелгийска литература _b821.133.1(493) _x-34 _z821.133.1(493)-34 |
||
| 100 | 1 |
_aКостер, Шарл дьо _eпърви автор _9267725 |
|
| 139 |
_aКостер, Шарл дьо _bК 86 |
||
| 245 | 1 | 0 |
_aФламандски легенди _cШарл дьо Костер; прев. от фр. с послесл. Красимир Мирчев; худож. Питер Брьогел Стари. |
| 245 | 1 | 0 | _aБратството на червендалестите |
| 245 | 1 | 0 | _aБланш, Клер и Кандид |
| 245 | 1 | 0 | _aГосподарят Хелевин |
| 245 | 1 | 0 | _aСметсе Сме |
| 257 | _aFRA | ||
| 260 |
_aСофия _bОтечество _c1985 |
||
| 300 |
_a159 с. _bс ил., портр. _c21 см |
||
| 380 | _aX | ||
| 490 |
_aФолклор и епос _9205003 |
||
| 500 | _aОриг. загл. Legendes flamandes / Charles de Coster | ||
| 653 | _aлегенди | ||
| 700 | 1 |
_aМирчев, Красимир _eпрев. от фр. с послесл. _9366001 |
|
| 700 | 1 |
_aБрьогел Стари, Питер _eхудож. _943567 |
|
| 852 | _aЦб 139734 | ||
| 856 | 4 |
_qpdf _i0.00 _ldisable |
|
| 856 | 4 |
_qpdf _i0.00 _ldisable |
|
| 942 |
_cKNG _n0 _s1 _01 |
||
| 944 |
_aCR _c15.01.2003 _k30551 _lБояна Костадинова |
||
| 944 |
_aED _c29.06.2015 _kТеодора_Стоянова |
||
| 999 | _d169346 | ||